The life and works of veer Savarkar / (Record no. 168999)

MARC details
000 -LEADER
fixed length control field 00589nam a2200193 4500
005 - DATE AND TIME OF LATEST TRANSACTION
control field 20191101162902.0
010 ## - LCCN (DPL NO)
LC control number ENG-126794
020 ## - INTERNATIONAL STANDARD BOOK NUMBER
International Standard Book Number 9788188872473
Terms of availability 695.00
035 ## - SYSTEM CONTROL NUMBER
System control number EN-110326
037 ## - SOURCE OF ACQUISITION
Source of stock number/acquisition DBAD/PUB
082 ## - DEWEY DECIMAL CLASSIFICATION NUMBER
Classification number 920
100 ## - MAIN ENTRY--PERSONAL NAME
Personal name Dube, Shruti
245 ## - TITLE STATEMENT
Title The life and works of veer Savarkar /
Statement of responsibility, etc by Shruti Dubey
260 ## - PUBLICATION, DISTRIBUTION, ETC. (IMPRINT)
Place of publication, distribution, etc Delhi
Name of publisher, distributor, etc Garima Books
Date of publication, distribution, etc 2019
270 ## - ADDRESS
Address 6/40, Mohalla Maharam, Gali Aryasamj, Shahdhara
Postal code 110032
300 ## - PHYSICAL DESCRIPTION
Extent vi;241p.
Dimensions 22cm(Hb)
500 ## - GENERAL NOTE
General note Includes bibliographical references and index
942 ## - ADDED ENTRY ELEMENTS (KOHA)
Source of classification or shelving scheme Dewey Decimal Classification
Item type English Books
Classification part 920
Call number suffix DUB
Holdings
Withdrawn status Lost status Not for loan Collection code Home library Current library Date acquired Source of acquisition Cost, normal purchase price Full call number Barcode Copy number Cost, replacement price Koha item type
      Non-fiction Shahdara Branch Shahdara Branch 01/11/2019 DBAD/PUB 695.00 920 DUB EN-110326 1 695.00 English Books

© Delhi Public Library
Hit Counter
free hit counter